Periodic Table Elements that DON'T end in "ium" - Statistics

General Stats
  • This quiz has been taken 68 times
  • The average score is 36 of 40
Answer Stats
Symbol Element % Correct
B Boron
100%
Cu Copper
100%
Fe Iron
100%
Au Gold
98%
H Hydrogen
98%
I Iodine
98%
Kr Krypton
98%
O Oxygen
98%
Ar Argon
96%
C Carbon
96%
Cl Chlorine
96%
Co Cobalt
96%
F Fluorine
96%
Mn Manganese
96%
Sn Tin
96%
Br Bromine
94%
Ne Neon
94%
N Nitrogen
94%
Ag Silver
94%
S Sulfur
94%
As Arsenic
92%
Pb Lead
92%
Ni Nickel
92%
P Phosphorus
92%
Si Silicon
92%
Xe Xenon
92%
Zn Zinc
92%
Al Aluminum
90%
Bi Bismuth
90%
Hg Mercury
90%
W Tungsten
88%
Mo Molybdenum
83%
Pt Platinum
83%
Rn Radon
83%
Sb Antimony
81%
At Astatine
81%
La Lanthanum
73%
Og Oganesson
73%
Ta Tantalum
69%
Ts Tennessine
62%
No matching quizzes found
Score Distribution
Percent of People with Each Score
Percentile by Number Answered
Your Score History
You have not taken this quiz